[Event "Schleswig Holstein-ch Seniors"]
[Site "Leck"]
[Date "2014.04.18"]
[Round "9"]
[White "Seeck, Klaus"]
[Black "Magdorf, Peter"]
[Result "1-0"]
[WhiteElo "2116"]
[BlackElo "2039"]
[PlyCount "103"]
[EventDate "2014.04.12"]
[EventType "swiss"]
[EventRounds "9"]
[EventCountry "GER"]
[SourceTitle "EXT 2018"]
[Source "ChessBase"]
[SourceDate "2017.10.13"]
[SourceVersion "1"]
[SourceVersionDate "2017.10.13"]
[SourceQuality "1"]

1. e4 c5 2. Nf3 Nc6 3. Bb5 Qc7 4. 0-0 a6 5. Bxc6 Qxc6 6. d4 cxd4 7. Qxd4 e6 8. Nc3 Ne7 9. Bf4 Ng6 10. Bg3 f6 11. Rad1 Bc5 12. Qd3 0-0 13. a3 b5 14. Bd6 Rf7 15. h4 Bb7 16. h5 Nf8 17. Rfe1 Qxd6 18. Qxd6 Bxd6 19. Rxd6 Rc8 20. Rb6 d5 21. exd5 exd5 22. Rd6 Rd7 23. Rxd7 Nxd7 24. Re7 Rd8 25. h6 gxh6 26. Nd4 Nc5 27. b4 Ne4 28. Ne6 Rd6 29. Ne2 Bc6 30. N2d4 Ng5 31. f4 Nxe6 32. Nxe6 f5 33. Nd4 Bd7 34. Kf2 h5 35. g3 h6 36. Re5 Kf7 37. Ke3 Kf6 38. Kd3 Kg6 39. Nf3 Kf6 40. c3 Be6 41. Nd4 Bd7 42. Nb3 Be6 43. Kd4 Rc6 44. Nc5 Bf7 45. Re1 Rd6 46. a4 Rc6 47. axb5 axb5 48. Ra1 Rd6 49. Ra6 Ke7 50. Ra7+ Kf6 51. Nd7+ Ke6 52. Ne5 1-0

[Event "Schleswig Holstein-ch Seniors"]
[Site "Leck"]
[Date "2014.04.14"]
[Round "3"]
[White "Lomer, Edmund"]
[Black "Seeck, Klaus"]
[Result "1/2-1/2"]
[WhiteElo "2080"]
[BlackElo "2116"]
[PlyCount "35"]
[EventDate "2014.04.12"]
[EventType "swiss"]
[EventRounds "9"]
[EventCountry "GER"]
[SourceTitle "EXT 2018"]
[Source "ChessBase"]
[SourceDate "2017.10.13"]
[SourceVersion "1"]
[SourceVersionDate "2017.10.13"]
[SourceQuality "1"]

1. Nf3 f5 2. g3 Nf6 3. Bg2 g6 4. d4 Bg7 5. c3 0-0 6. 0-0 d5 7. Bf4 Nbd7 8. Nbd2 Re8 9. Ne5 c6 10. Ndf3 Nh5 11. Qc1 Nxf4 12. Qxf4 Nxe5 13. Nxe5 Bxe5 14. Qxe5 Qd6 15. Qxd6 exd6 16. e3 Be6 17. h4 h6 18. Bf3 1/2-1/2

[Event "GER-chT Seniors 19th"]
[Site "Eckernfoerde"]
[Date "2010.09.19"]
[Round "7.4"]
[White "Seeck, Klaus"]
[Black "Neumann, Horst"]
[Result "1/2-1/2"]
[WhiteElo "1968"]
[BlackElo "1827"]
[PlyCount "45"]
[EventDate "2010.09.13"]
[EventType "team-swiss"]
[EventRounds "7"]
[EventCountry "GER"]
[SourceTitle "EXT 2011"]
[Source "ChessBase"]
[SourceDate "2010.11.26"]
[SourceVersion "1"]
[SourceVersionDate "2010.11.26"]
[SourceQuality "1"]
[WhiteTeam "Schleswig Holstein"]
[BlackTeam "Rheinland Pfalz II"]
[WhiteTeamCountry "GER"]
[BlackTeamCountry "GER"]

1. d4 d5 2. Nc3 Nf6 3. Bg5 Bf5 4. f3 Bg6 5. e3 Nbd7 6. Nh3 c6 7. Nf4 Qb6 8. Nxg6 hxg6 9. Qd2 e6 10. Na4 Qb4 11. Qxb4 Bxb4+ 12. c3 Bd6 13. Bxf6 gxf6 14. b3 Bg3+ 15. Kd2 Rxh2 16. Rxh2 Bxh2 17. Be2 Bd6 18. Rh1 Ke7 19. c4 Rc8 20. c5 Bc7 21. b4 a6 22. Nc3 f5 23. a4 1/2-1/2

[Event "Schleswig-Holstein-ch Seniors"]
[Site "Buesum"]
[Date "2010.04.01"]
[Round "8"]
[White "Seeck, Klaus"]
[Black "Lehmann, Erwin"]
[Result "1-0"]
[WhiteElo "2150"]
[BlackElo "1935"]
[PlyCount "43"]
[EventDate "2010.03.27"]
[EventType "swiss"]
[EventRounds "9"]
[EventCountry "GER"]
[SourceTitle "EXT 2023"]
[Source "ChessBase"]
[SourceDate "2022.10.05"]
[SourceVersion "1"]
[SourceVersionDate "2022.10.05"]
[SourceQuality "1"]

1. d4 Nf6 2. c4 g6 3. Nc3 d5 4. cxd5 Nxd5 5. e4 Nxc3 6. bxc3 Bg7 7. Be3 c5 8. Qd2 Qa5 9. Nf3 Nc6 10. Rb1 a6 11. Be2 b5 12. Rc1 cxd4 13. cxd4 Qxd2+ 14. Kxd2 Bd7 15. d5 Ne5 16. Nxe5 Bxe5 17. f4 Bb8 18. e5 0-0 19. Bf3 Ba7 20. Rc7 Bxe3+ 21. Kxe3 Rfd8 22. d6 1-0

[Event "Schleswig-Holstein-ch Seniors"]
[Site "Buesum"]
[Date "2010.03.31"]
[Round "6"]
[White "Seeck, Klaus"]
[Black "Meinke, Dietlind"]
[Result "1-0"]
[WhiteElo "2150"]
[BlackElo "1924"]
[PlyCount "85"]
[EventDate "2010.03.27"]
[EventType "swiss"]
[EventRounds "9"]
[EventCountry "GER"]
[SourceTitle "EXT 2023"]
[Source "ChessBase"]
[SourceDate "2022.10.05"]
[SourceVersion "1"]
[SourceVersionDate "2022.10.05"]
[SourceQuality "1"]

1. d4 Nf6 2. c4 e6 3. Nf3 b6 4. g3 Bb7 5. Bg2 Be7 6. 0-0 0-0 7. Nc3 Ne4 8. Qc2 Nxc3 9. bxc3 f5 10. d5 c5 11. Rd1 exd5 12. cxd5 d6 13. Ne1 Na6 14. e4 Bf6 15. exf5 Qd7 16. Bf4 Nc7 17. g4 Nb5 18. Bd2 Qf7 19. Qd3 Nc7 20. Bf4 Qe7 21. Nc2 Ba6 22. Qg3 Rad8 23. Re1 Qd7 24. g5 Bxc3 25. Qxc3 Qxf5 26. Bg3 Qxg5 27. h4 Qf6 28. Qxf6 Rxf6 29. Re7 Rf7 30. Rae1 Rd7 31. Rxf7 Kxf7 32. a4 Re7 33. Ne3 Ne8 34. Bh3 Re4 35. Ra1 g6 36. h5 Be2 37. hxg6+ hxg6 38. Kg2 Ke7 39. Re1 Bd3 40. a5 Kd8 41. axb6 axb6 42. Ra1 Bb5 43. Rb1 1-0

[Event "Schleswig-Holstein-ch Seniors"]
[Site "Buesum"]
[Date "2010.03.29"]
[Round "4"]
[White "Seeck, Klaus"]
[Black "Nickel, Juergen"]
[Result "1/2-1/2"]
[WhiteElo "2150"]
[BlackElo "1938"]
[PlyCount "66"]
[EventDate "2010.03.27"]
[EventType "swiss"]
[EventRounds "9"]
[EventCountry "GER"]
[SourceTitle "EXT 2023"]
[Source "ChessBase"]
[SourceDate "2022.10.05"]
[SourceVersion "1"]
[SourceVersionDate "2022.10.05"]
[SourceQuality "1"]

1. d4 Nf6 2. c4 e5 3. dxe5 Ng4 4. e4 Nxe5 5. f4 Nec6 6. Be3 Bb4+ 7. Nc3 Qe7 8. Bd3 d6 9. Qf3 Qh4+ 10. g3 Qf6 11. Nge2 Ne5 12. Qh5 Nxd3+ 13. Kd2 Nc5 14. Kc2 c6 15. Rad1 Qg6 16. Qxg6 fxg6 17. a3 Bxc3 18. Nxc3 Ke7 19. Rhe1 Bg4 20. Rd2 Nbd7 21. b4 Ne6 22. Kb3 h6 23. Nd1 a5 24. Nf2 Bf3 25. f5 Ng5 26. Bf4 Ne5 27. c5 a4+ 28. Kc3 Rad8 29. fxg6 Bh5 30. cxd6+ Rxd6 31. Rxd6 Kxd6 32. Nd3 Re8 33. Nxe5 Rxe5 1/2-1/2

[Event "GER-chT Seniors 18th"]
[Site "Finsterbergen"]
[Date "2009.09.17"]
[Round "6"]
[White "Seeck, Klaus"]
[Black "Haecker, Johannes"]
[Result "1/2-1/2"]
[WhiteElo "2155"]
[BlackElo "2110"]
[PlyCount "60"]
[EventDate "2009.09.12"]
[EventType "team-swiss"]
[EventRounds "7"]
[EventCountry "GER"]
[SourceTitle "CBM 132 Extra"]
[Source "ChessBase"]
[SourceDate "2009.11.03"]
[SourceVersion "1"]
[SourceVersionDate "2009.11.03"]
[SourceQuality "1"]

1. d4 Nf6 2. c4 e6 3. Nf3 d5 4. Nc3 c6 5. e3 Nbd7 6. Bd3 dxc4 7. Bxc4 b5 8. Bd3 a6 9. e4 Bb7 10. e5 Nd5 11. Nxd5 cxd5 12. 0-0 Be7 13. Bf4 Rc8 14. Qe2 Nb6 15. Rac1 Rxc1 16. Rxc1 h6 17. Qc2 Kd7 18. Qe2 Bc6 19. Qc2 Qa8 20. Qe2 Rc8 21. Ne1 Ke8 22. Rc2 Bd7 23. Bc1 Rc6 24. f4 Qc8 25. g4 Rxc2 26. Nxc2 Nc4 27. b3 Na3 28. Bb2 Nxc2 29. Qxc2 Qxc2 30. Bxc2 g6 1/2-1/2

[Event "GER-chT Seniors 17th"]
[Site "Berlin"]
[Date "2008.09.06"]
[Round "7"]
[White "Just, Joachim"]
[Black "Seeck, Klaus"]
[Result "0-1"]
[WhiteElo "2055"]
[BlackElo "2150"]
[PlyCount "134"]
[EventDate "2008.08.31"]
[EventType "team-swiss"]
[EventRounds "7"]
[EventCountry "GER"]
[SourceTitle "CBM 126 Extra"]
[Source "ChessBase"]
[SourceDate "2008.11.05"]
[SourceVersion "1"]
[SourceVersionDate "2008.11.05"]
[SourceQuality "1"]

1. d4 e6 2. e4 d5 3. Bd3 Nf6 4. Bg5 dxe4 5. Bxe4 Nbd7 6. Ne2 h6 7. Bxf6 Nxf6 8. Bf3 c5 9. 0-0 Qb6 10. Nbc3 cxd4 11. Qxd4 Bc5 12. Qa4+ Bd7 13. Qb3 Rb8 14. Na4 Qxb3 15. axb3 Be7 16. Nac3 a6 17. Rfd1 0-0 18. g3 Rfc8 19. Rd2 Bb4 20. Rd4 Bc5 21. Rd2 Bb4 22. Rd4 Bc5 23. Rd2 Bc6 24. Bxc6 Rxc6 25. Rad1 Be7 26. Nd4 Rc7 27. Nf3 Kf8 28. Ne5 Ke8 29. Nc4 b5 30. Nd6+ Bxd6 31. Rxd6 b4 32. Na4 Rxc2 33. Rxa6 Nd5 34. Rd4 Ke7 35. Rc4 Rc8 36. Rxc8 Rxc8 37. Nb6 Rc1+ 38. Kg2 Rc2 39. Nxd5+ exd5 40. Rb6 Rxb2 41. Rxb4 Kd6 42. Rb7 Ke6 43. Kf3 g5 44. Ke3 h5 45. h3 d4+ 46. Kxd4 Rxf2 47. Rb6+ Kf5 48. Rb5+ Kg6 49. Rb6+ f6 50. Rc6 Rh2 51. b4 Rxh3 52. Rc3 h4 53. gxh4 Rxh4+ 54. Kc5 f5 55. b5 Rh8 56. b6 Rc8+ 57. Kd4 Rb8 58. Rc6+ Kh5 59. Ke5 Kg4 60. Rf6 f4 61. Ke4 f3 62. Ke3 Re8+ 63. Kf2 Re2+ 64. Kf1 Rb2 65. Rg6 Kf4 66. Kg1 g4 67. Rc6 Rb1+ 0-1

[Event "Schleswig Holstein-ch Seniors 63rd"]
[Site "Gross Groenau"]
[Date "2008.03.19"]
[Round "7"]
[White "Seeck, Klaus"]
[Black "Gehrmann, Rudolf Rainer"]
[Result "1/2-1/2"]
[WhiteElo "1994"]
[BlackElo "1978"]
[PlyCount "67"]
[EventDate "2008.03.15"]
[EventType "swiss"]
[EventRounds "9"]
[EventCountry "GER"]
[SourceTitle "EXT 2010"]
[Source "ChessBase"]
[SourceDate "2010.11.25"]
[SourceVersion "1"]
[SourceVersionDate "2010.11.25"]
[SourceQuality "1"]

1. d4 d5 2. c4 e6 3. Nc3 Nf6 4. Nf3 Be7 5. Bf4 c6 6. e3 0-0 7. Qc2 Qa5 8. c5 Ne4 9. Bd3 f5 10. 0-0 Nd7 11. Rab1 b5 12. b4 Qd8 13. Ne5 Nxe5 14. Bxe5 Bf6 15. Bxf6 Qxf6 16. f3 Nxc3 17. Qxc3 Qh6 18. Rbe1 Bd7 19. Bc2 Rfe8 20. a4 a6 21. Ra1 Qf6 22. f4 Reb8 23. Ra3 Qd8 24. Rfa1 a5 25. axb5 axb4 26. Qxb4 Rxa3 27. Qxa3 Rxb5 28. Qa8 Rb8 29. Qa5 Qc8 30. Qa6 Qd8 31. Ba4 Qc7 32. Bd1 Kf7 33. Bh5+ g6 34. Be2 1/2-1/2

[Event "GER-chT Seniors 16th"]
[Site "Halle"]
[Date "2007.09.19"]
[Round "7.2"]
[White "Boettcher, Ulrich"]
[Black "Seeck, Klaus"]
[Result "1/2-1/2"]
[WhiteElo "2035"]
[BlackElo "2162"]
[PlyCount "45"]
[EventDate "2007.09.13"]
[EventType "team"]
[EventRounds "7"]
[EventCountry "GER"]
[SourceTitle "EXT 2008"]
[Source "ChessBase"]
[SourceDate "2007.11.25"]
[SourceVersion "1"]
[SourceVersionDate "2007.11.25"]
[SourceQuality "1"]

1. c4 e5 2. g3 f5 3. Bg2 Nf6 4. Nc3 d6 5. d3 Be7 6. Nf3 0-0 7. 0-0 c6 8. b4 Kh8 9. Qb3 Be6 10. d4 e4 11. Ng5 Bg8 12. a4 Nh5 13. Nh3 Nd7 14. f3 Nb6 15. d5 cxd5 16. cxd5 Bf6 17. fxe4 fxe4 18. Bxe4 Bxc3 19. Qxc3 Rxf1+ 20. Kxf1 Qf6+ 21. Qxf6 Nxf6 22. Bf3 Bxd5 23. Bf4 1/2-1/2

[Event "GER-chT Seniors 16th"]
[Site "Halle"]
[Date "2007.09.17"]
[Round "5.2"]
[White "Seeck, Klaus"]
[Black "Krueger, Gerhard"]
[Result "1/2-1/2"]
[WhiteElo "2162"]
[BlackElo "1991"]
[PlyCount "67"]
[EventDate "2007.09.13"]
[EventType "team"]
[EventRounds "7"]
[EventCountry "GER"]
[SourceTitle "EXT 2008"]
[Source "ChessBase"]
[SourceDate "2007.11.25"]
[SourceVersion "1"]
[SourceVersionDate "2007.11.25"]
[SourceQuality "1"]

1. d4 d5 2. Nc3 Nf6 3. Bg5 e6 4. e4 dxe4 5. Nxe4 Be7 6. Bxf6 Bxf6 7. Nf3 Nd7 8. c3 0-0 9. Qc2 b6 10. 0-0-0 Bb7 11. Bd3 h6 12. h4 Rc8 13. g4 Be7 14. g5 h5 15. Rhe1 c5 16. dxc5 Bxc5 17. Bb5 Bd5 18. Qa4 Rc7 19. Bxd7 Qxd7 20. Qxd7 Rxd7 21. Nxc5 bxc5 22. c4 Bc6 23. Ne5 Rc7 24. Rd6 Rfc8 25. Red1 Kf8 26. g6 fxg6 27. Rxe6 g5 28. hxg5 Bb7 29. Rdd6 Re8 30. f4 Rxe6 31. Rxe6 h4 32. f5 Bc8 33. Ng6+ Kf7 34. Ne5+ 1/2-1/2

[Event "GER-chT Seniors 16th"]
[Site "Halle"]
[Date "2007.09.15"]
[Round "3.2"]
[White "Starke, Burkhard"]
[Black "Seeck, Klaus"]
[Result "1/2-1/2"]
[WhiteElo "2163"]
[BlackElo "2162"]
[PlyCount "32"]
[EventDate "2007.09.13"]
[EventType "team"]
[EventRounds "7"]
[EventCountry "GER"]
[SourceTitle "EXT 2008"]
[Source "ChessBase"]
[SourceDate "2007.11.25"]
[SourceVersion "1"]
[SourceVersionDate "2007.11.25"]
[SourceQuality "1"]

1. d4 Nf6 2. c4 c5 3. e3 e6 4. Nc3 d5 5. Nf3 Nc6 6. dxc5 Bxc5 7. a3 a6 8. b4 Ba7 9. Bb2 0-0 10. Qc2 dxc4 11. Bxc4 b5 12. Ba2 Bb7 13. Rd1 Qe7 14. Bb1 Rfd8 15. 0-0 Rac8 16. Rxd8+ Rxd8 1/2-1/2

[Event "GER-chT Seniors 16th"]
[Site "Halle"]
[Date "2007.09.14"]
[Round "2.2"]
[White "Seeck, Klaus"]
[Black "Schroeder, Christian"]
[Result "1-0"]
[WhiteElo "2162"]
[BlackElo "2074"]
[PlyCount "47"]
[EventDate "2007.09.13"]
[EventType "team"]
[EventRounds "7"]
[EventCountry "GER"]
[SourceTitle "EXT 2008"]
[Source "ChessBase"]
[SourceDate "2007.11.25"]
[SourceVersion "1"]
[SourceVersionDate "2007.11.25"]
[SourceQuality "1"]

1. c4 e5 2. Nc3 d6 3. Nf3 f5 4. d3 Nf6 5. g3 Be7 6. Bg2 0-0 7. 0-0 c6 8. Qc2 a5 9. b3 Na6 10. a3 Nc7 11. Bb2 Ne6 12. e3 Qe8 13. Nh4 Ng4 14. h3 Nh6 15. Nf3 g5 16. Nh2 f4 17. g4 Rb8 18. Rad1 Nf7 19. d4 b5 20. Be4 bxc4 21. bxc4 fxe3 22. fxe3 exd4 23. Ne2 dxe3 24. Bxh7# 1-0

[Event "GER-chT Seniors 16th"]
[Site "Halle"]
[Date "2007.09.13"]
[Round "1.2"]
[White "Rahls, Peter"]
[Black "Seeck, Klaus"]
[Result "1-0"]
[WhiteElo "2258"]
[BlackElo "2162"]
[PlyCount "104"]
[EventDate "2007.09.13"]
[EventType "team"]
[EventRounds "7"]
[EventCountry "GER"]
[SourceTitle "EXT 2008"]
[Source "ChessBase"]
[SourceDate "2007.11.25"]
[SourceVersion "1"]
[SourceVersionDate "2007.11.25"]
[SourceQuality "1"]

1. e4 e5 2. Nc3 Nc6 3. g3 Bc5 4. Bg2 d6 5. Nge2 a6 6. d3 Be6 7. 0-0 Qd7 8. Nd5 0-0-0 9. c3 Nce7 10. d4 Ba7 11. dxe5 dxe5 12. Bg5 f6 13. Be3 Bxe3 14. Nxe3 Qxd1 15. Rfxd1 c6 16. Rxd8+ Kxd8 17. Nc1 Nh6 18. Nd3 Kc7 19. f4 Nf7 20. Nc5 Bc8 21. f5 Nd8 22. Bf1 g6 23. g4 Kb6 24. b4 Ka7 25. Rd1 h5 26. g5 gxf5 27. gxf6 Ng6 28. exf5 Nf4 29. Kf2 Nf7 30. Ne4 Nd5 31. Bc4 Nxe3 32. Kxe3 Nh6 33. Be6 Nxf5+ 34. Bxf5 Bxf5 35. Rf1 Be6 36. a4 Rf8 37. a5 Bc4 38. Rf5 Bd5 39. h4 Kb8 40. Kd3 Ba2 41. Ke3 Bd5 42. c4 Bxc4 43. Rxe5 Bd5 44. Rf5 Re8 45. Rf4 Kc8 46. f7 Rf8 47. Ng5 Kd7 48. Kd4 Kd6 49. Rf2 Bb3 50. Rf6+ Ke7 51. Rh6 Bxf7 52. Rh7 Kf6 1-0

[Event "Schleswig Holstein-ch Seniors 62nd"]
[Site "Itzehoe"]
[Date "2007.04.06"]
[Round "9"]
[White "Duemmke, Juergen"]
[Black "Seeck, Klaus"]
[Result "0-1"]
[WhiteElo "1984"]
[BlackElo "2015"]
[PlyCount "68"]
[EventDate "2007.03.31"]
[EventType "swiss"]
[EventRounds "9"]
[EventCountry "GER"]
[SourceTitle "EXT 2010"]
[Source "ChessBase"]
[SourceDate "2010.11.25"]
[SourceVersion "1"]
[SourceVersionDate "2010.11.25"]
[SourceQuality "1"]

1. e4 e5 2. Nf3 Nc6 3. d4 exd4 4. Bc4 Nf6 5. Ng5 d5 6. exd5 Na5 7. Bb5+ c6 8. dxc6 bxc6 9. Qf3 Bb7 10. Ba4 h6 11. Qe2+ Qe7 12. Nf3 Qxe2+ 13. Kxe2 Ba6+ 14. Kd1 Ng4 15. Re1+ Kd7 16. Ne5+ Nxe5 17. Rxe5 Nc4 18. Rd5+ Kc7 19. Rxd4 Bc5 20. Bf4+ Kb6 21. Re4 Rhe8 22. Rxe8 Rxe8 23. Nc3 Bxf2 24. Kc1 Re1+ 25. Nd1 g5 26. Bd2 Be3 27. Bxe3+ Nxe3 28. c3 f5 29. Bb3 f4 30. a4 Nxg2 31. c4 f3 32. c5+ Kxc5 33. Kd2 f2 34. Rc1+ Kd4 0-1

[Event "GER-chT Seniors 15th"]
[Site "Bad Blankenburg"]
[Date "2006.09.07"]
[Round "5.1"]
[White "Krueger, Gerhard"]
[Black "Seeck, Klaus"]
[Result "0-1"]
[WhiteElo "1832"]
[BlackElo "2137"]
[PlyCount "52"]
[EventDate "2006.09.03"]
[EventType "team-swiss"]
[EventRounds "7"]
[EventCountry "GER"]
[SourceTitle "CBM 114 Extra"]
[Source "ChessBase"]
[SourceDate "2006.11.03"]
[SourceVersion "1"]
[SourceVersionDate "2006.11.03"]
[SourceQuality "1"]

1. e4 e5 2. Nf3 Nc6 3. d4 exd4 4. Bc4 Nf6 5. 0-0 Bc5 6. e5 d5 7. exf6 dxc4 8. Qe2+ Be6 9. fxg7 Rg8 10. Ng5 Qf6 11. Re1 Qxg7 12. g3 0-0-0 13. Nxe6 fxe6 14. Qxe6+ Kb8 15. Qxc4 Bb6 16. Bf4 Rgf8 17. Re4 d3 18. c3 Rxf4 19. Rxf4 d2 20. Nxd2 Rxd2 21. Re1 Rd8 22. Rf7 Qg5 23. b4 Ne5 24. Qf4 Nxf7 25. Qxf7 Qd2 26. Re8 Qxf2+ 0-1

[Event "GER-chT Seniors 15th"]
[Site "Bad Blankenburg"]
[Date "2006.09.03"]
[Round "1.1"]
[White "Ljubarskij, Jurij"]
[Black "Seeck, Klaus"]
[Result "1/2-1/2"]
[WhiteElo "2341"]
[BlackElo "2137"]
[PlyCount "146"]
[EventDate "2006.09.03"]
[EventType "team-swiss"]
[EventRounds "7"]
[EventCountry "GER"]
[SourceTitle "CBM 114 Extra"]
[Source "ChessBase"]
[SourceDate "2006.11.03"]
[SourceVersion "1"]
[SourceVersionDate "2006.11.03"]
[SourceQuality "1"]

1. e4 e5 2. Nf3 Nc6 3. Bb5 a6 4. Ba4 Nf6 5. d4 Nxe4 6. Qe2 f5 7. d5 Ne7 8. Nxe5 b5 9. Bb3 d6 10. Nd3 g6 11. f3 Nc5 12. Bg5 Nxd3+ 13. Qxd3 Bg7 14. Nc3 h6 15. Bh4 0-0 16. 0-0 g5 17. Bf2 f4 18. Bd4 Bxd4+ 19. Qxd4 Nf5 20. Qd2 Qf6 21. Rae1 Bd7 22. Nd1 Nd4 23. c3 Nxb3 24. axb3 Rae8 25. Nf2 Bf5 26. Ra1 Re7 27. Rfe1 Rfe8 28. Rxe7 Qxe7 29. Kf1 Qe3 30. Qxe3 fxe3 31. Ng4 Bd3+ 32. Ke1 Kg7 33. h3 h5 34. Nh2 Re5 35. Rxa6 Rxd5 36. Nf1 Bxf1 37. Kxf1 Rd2 38. Rc6 Rf2+ 39. Ke1 Rxb2 40. g3 Kf6 41. Rxc7 h4 42. gxh4 gxh4 43. c4 Rxb3 44. Ke2 b4 45. Rd7 Rc3 46. Rxd6+ Ke7 47. c5 Rxc5 48. Rb6 Rc2+ 49. Kxe3 Rh2 50. Rxb4 Rxh3 51. Rb6 Rh1 52. Kf4 Kf7 53. Kg4 h3 54. Kg3 h2 55. Rh6 Kg7 56. Rh3 Kf6 57. Kg2 Rg1+ 58. Kxh2 Rg8 59. Rh5 Rg5 60. Rh8 Rg7 61. Kh3 Rg1 62. Rf8+ Kg7 63. Rf4 Kh6 64. Rf5 Kg6 65. Rf8 Kg7 66. Ra8 Kf6 67. Kh4 Kg7 68. Ra6 Kf7 69. Ra4 Kf6 70. Rf4+ Kg7 71. Kh5 Rg3 72. Rf5 Rh3+ 73. Kg5 Rh1 1/2-1/2